| 000 | 00343nam a22001337a 4500 | ||
|---|---|---|---|
| 008 | 180911b xxu||||| |||| 00| 0 eng d | ||
| 020 | _a0826176003 | ||
| 041 | _aeng | ||
| 080 | _a159.9 | ||
| 100 | _a49 | ||
| 101 | _aPSI | ||
| 245 |
_aEmpirical Approaches To The Psychosocial Aspesccts Of Disability _cEisenberg.M.G |
||
| 942 |
_2udc _cBK |
||
| 999 |
_c47653 _d47653 |
||